Základy ekonómie a ekonomiky pre stredné školy

Saved in:
Bibliographic Details
Main Author: Novák, Jaromír, 1978-
Other Authors: Šlosár, Rudolf, Gonda, Vladimír, Chrenová, Mária
Format: Book
Language:Slovak
Published: Bratislava Slovenské pedagogické nakladateľstvo - Mladé letá 2016
Edition:3. aktualiz. vyd.
Subjects:
Tags: Add Tag
No Tags, Be the first to tag this record!

MARC

LEADER 00000nam$a2200000$$$4500
001 0223221
005 20240502073643.0
020 |a 978-80-10-02993-8 
041 0 |a slo 
044 |a SK 
245 1 0 |a Základy ekonómie a ekonomiky pre stredné školy  |c Jaromír Novák, Rudolf Šlosár ; recenzenti: Vladimír Gonda, Mária Chrenová 
250 |a 3. aktualiz. vyd. 
264 1 |a Bratislava  |b Slovenské pedagogické nakladateľstvo - Mladé letá  |c 2016 
300 |a 232 s. [13,80 AH] 
610 2 0 |a ekonómia 
610 2 0 |a mikroekonomika 
610 2 0 |a makroekonomika 
610 2 0 |a trh 
610 2 0 |a mechanizmus trhový 
610 2 0 |a faktory výrobné 
610 2 0 |a domácnosti 
610 2 0 |a podnik 
610 2 0 |a podnikanie 
610 2 0 |a hospodárenie podnikové 
610 2 0 |a peniaze 
610 2 0 |a inštitúcie finančné 
610 2 0 |a hospodárstvo národné 
610 2 0 |a ukazovatele makroekonomické 
610 2 0 |a politika hospodárska 
610 2 0 |a politika menová 
610 2 0 |a politika fiškálna 
610 2 0 |a politika daňová 
610 2 0 |a hospodárstvo svetové 
610 2 0 |a integrácia ekonomická medzinárodná 
610 2 0 |a myslenie ekonomické 
100 1 |a Novák, Jaromír, 1978- 
700 1 |a Šlosár, Rudolf 
700 1 |a Gonda, Vladimír 
700 1 |a Chrenová, Mária